Koleblemosť rešenij differenciaľnogo uravnenija vtorogo porjadka s zapazdyvanijem

Bibliographic Details
Main Authors: Švidroňová, Eva (Author), Šoltés, Pavol, 1941-1986 (Author)
Format: Article
Language:Russian
PhysicalDescription:Res. slov., rus., angl., lit. 1 zázn. v angl.
Subjects:

MARC

LEADER 00000nab a2200000 a 4500
001 vtls000148530
003 SK-MaSNL
005 20260318124818.0
008 111031c1983 xo 0 rus
015 |a SNBRA19rr/mm-uuuuu 
035 |a CL0158637 
040 |a SNKBUCL  |b slo  |c SNKBUCL  |e AACR2 
041 0 |a rus 
044 |a xo  |c SK 
080 |a 517.925.4  |2 1981 
100 1 |a Švidroňová, Eva  |4 aut  |9 7560 
245 1 0 |a Koleblemosť rešenij differenciaľnogo uravnenija vtorogo porjadka s zapazdyvanijem  |c Eva Švidroňová, Pavel Šoltés 
300 |b Res. slov., rus., angl., lit. 1 zázn. v angl. 
650 0 7 |a diferenciálne rovnice  |2 snkbucl  |9 63334 
655 7 |a články zo zborníkov  |2 snkbucl  |9 166140 
700 1 |a Šoltés, Pavol,  |d 1941-1986  |4 aut  |9 38444 
773 0 |t Zborník vedeckých prác Vysokej školy technickej v Košiciach 1982  |d Bratislava : Alfa, 1983  |g S. 19-22 
850 |a Slovenská národná knižnica v Martine  |a MTA001 
852 |a SNK  |b KIS3GCP 
958 |a RK 
992 |a RZB 
999 |c 2575231  |d 2577161